Biggest Cities in Czechia with a Map (extreme) - Statistics

General Stats
  • This quiz has been taken 2,008 times
    1,957 since last reset
  • The average score is 95 of 706
Answers on the Map
Answers color-coded by a green-red scale on the quiz's map according to % correct below.
 
Answer Stats
City/Town Population % Correct
Praha 1 324 277
97%
Brno 381 346
90%
Ostrava 287 968
83%
Plzeň 174 842
82%
Liberec 104 802
72%
Olomouc 100 663
70%
České Budějovice 94 463
67%
Karlovy Vary 48 479
67%
Ústí nad Labem 92 716
66%
Pardubice 91 727
65%
Hradec Králové 92 939
64%
Zlín 74 935
62%
Jihlava 51 216
57%
Most 66 034
57%
13 182
54%
Kladno 69 337
52%
Opava 56 450
52%
Cheb 31 977
50%
Frýdek-Místek 55 557
47%
Teplice 49 731
47%
Znojmo 33 765
47%
Chomutov 48 635
46%
Karviná 52 128
46%
Mladá Boleslav 44 740
46%
Český Krumlov 12 981
45%
Kolín 31 973
45%
Děčín 48 594
44%
Tábor 34 277
44%
Jablonec nad Nisou 45 773
43%
Břeclav 24 743
42%
Havířov 71 200
42%
Písek 30 415
42%
Hodonín 24 512
41%
Kutná Hora 20 653
40%
Přerov 42 871
38%
Prostějov 43 651
38%
Trutnov 30 234
38%
Česká Lípa 37 525
37%
Český Těšín 24 297
37%
Klatovy 22 257
37%
Sokolov 23 033
37%
Beroun 19 641
36%
Brandýs nad Labem-Stará Boleslav 19 255
36%
Jeseník 11 081
36%
Jičín 16 717
36%
Mariánské Lázně 12 795
36%
Mělník 19 559
36%
Příbram 32 503
36%
Šumperk 25 836
36%
Třebíč 35 451
36%
Uherské Hradiště 25 247
36%
Říčany 15 908 | 2 101
35%
Benešov 16 758
34%
Jindřichův Hradec 21 419
34%
Kroměříž 28 620
34%
Litoměřice 23 849
34%
Mikulov 7 455
34%
Třinec 35 002
34%
Litvínov 23 661
33%
Náchod 19 897
33%
Nymburk 15 154
33%
Turnov 14 420
33%
Domažlice 11 094
32%
Františkovy Lázně 5 461
32%
Hranice 17 999 | 2 147
32%
Nový Jičín 23 260
32%
Strakonice 22 646
32%
Ústí nad Orlicí 14 280
32%
Vsetín 25 974
32%
Vyškov 20 807
32%
Bruntál 16 138
31%
Chrudim 23 168
31%
Havlíčkův Brod 23 442
31%
Valašské Meziříčí 22 306
31%
Blansko 20 484
30%
Česká Třebová 15 384
30%
Frýdlant 7 476
30%
Litomyšl 10 378
30%
Poděbrady 14 377
30%
Svitavy 16 758
30%
Žďár nad Sázavou 20 717
30%
Bohumín 20 518
29%
Krnov 23 257
29%
Orlová 28 735
29%
Otrokovice 17 879
29%
Pelhřimov 16 048
29%
Rokycany 14 383
29%
Telč 5 273
29%
Louny 18 313
28%
Rakovník 15 709
28%
Třeboň 8 217
28%
Uherský Brod 16 441
28%
Humpolec 10 970
27%
Nové Město na Moravě 10 049
27%
Prachatice 10 840
27%
Rožnov pod Radhoštěm 16 398
27%
Tachov 13 038
27%
Varnsdorf 15 193
27%
Kralupy nad Vltavou 18 388
26%
Moravská Třebová 9 948
26%
Ostrov 16 658
26%
Slaný 15 864
26%
Broumov 7 370
25%
Čáslav 10 322
25%
Jaroměř 12 378
25%
Velké Meziříčí 11 498
25%
Žatec 19 047
25%
Bílina 17 200
24%
Bystřice 4 483 | 5 356
24%
Český Brod 7 049
24%
Dvůr Králové nad Labem 15 550
24%
Jablunkov 5 474
24%
Kadaň 18 246
24%
Kopřivnice 21 851
24%
Kyjov 11 185
24%
Rumburk 11 036
24%
Rychnov u Jablonce nad Nisou 2 757
24%
Semily 8 353
24%
Vrchlabí 12 340
24%
Chodov 13 300
23%
Jirkov 19 241
23%
Moravské Budějovice 7 300
23%
Neratovice 16 191
23%
Nový Bor 11 616
23%
Sušice 11 032
23%
Vysoké Mýto 12 288
23%
Hrádek 2 850
22%
Kuřim 10 993
22%
Lednice 2 272
22%
Lovosice 8 840
22%
Mohelnice 9 234
22%
Slavkov 2 052
22%
Slavkov u Brna 6 916
22%
Vlašim 11 550
22%
Zábřeh 13 456
22%
Bor 4 486
21%
Frenštát pod Radhoštěm 10 837
21%
Hlučín 13 931
21%
Litovel 9 738
21%
Lysá nad Labem 9 795
21%
Roudnice nad Labem 12 847
21%
Šternberk 13 440
21%
Stříbro 7 738
21%
Boskovice 11 681
20%
Čelákovice 12 273
20%
Dačice 7 288
20%
Holešov 11 579
20%
Hulín 6 762
20%
Ivančice 9 760
20%
Klášterec nad Ohří 14 526
20%
Kraslice 6 767
20%
Moravský Krumlov 5 715
20%
Nová Paka 9 072
20%
Příbor 8 476
20%
Uničov 11 335
20%
Valtice 3 575
20%
Vimperk 7 440
20%
Černošice 7 331
19%
Chlumec 4 346
19%
Dobříš 8 960
19%
Luhačovice 5 059
19%
Nové Město nad Metují 9 398
19%
Polička 8 813
19%
Rychnov nad Kněžnou 10 999
19%
Rýmařov 8 181
19%
Benátky nad Jizerou 7 459
18%
Choceň 8 648
18%
Hořice 8 533
18%
Jáchymov 2 470
18%
Králův Dvůr 9 690
18%
Lanškroun 9 906
18%
Milovice 12 098
18%
Mimoň 6 443
18%
Mnichovo Hradiště 8 846
18%
Přelouč 9 880
18%
Roztoky 8 645
18%
Sezimovo Ústí 7 221
18%
Studénka 9 477
18%
Tanvald 6 216
18%
Terezín 2 899
18%
Tišnov 9 258
18%
Úvaly 6 884
18%
Adamov 4 507
17%
Hlinsko 9 642
17%
Hustopeče 5 975
17%
Jesenice 9 682
17%
Kaplice 7 282
17%
Napajedla 7 171
17%
Nýřany 6 996
17%
Přeštice 7 131
17%
Šluknov 5 653
17%
Staré Město 6 661
17%
Štětí 8 695
17%
Týn nad Vltavou 7 960
17%
Veselí nad Moravou 10 889
17%
Vodňany 7 028
17%
Chrast 3 131
16%
Dubí 7 876
16%
Duchcov 8 564
16%
Frýdlant nad Ostravicí 9 922
16%
Hořovice 6 901
16%
Hostivice 8 788
16%
Hrádek nad Nisou 7 735
16%
Králíky 4 205
16%
Krupka 12 633
16%
Lipník nad Bečvou 7 982
16%
Nejdek 7 806
16%
Odry 7 285
16%
Sedlčany 7 029
16%
Žamberk 6 077
16%
Bílovec 7 394
15%
Bystřice pod Hostýnem 8 144
15%
Doksy 5 186
15%
Hluboká nad Vltavou 5 419
15%
Jilemnice 5 401
15%
Letovice 6 745
15%
Milevsko 8 280
15%
Petřvald 7 237
15%
Planá 5 396
15%
Rychvald 7 536
15%
Sázava 3 734
15%
Soběslav 6 907
15%
Veselí nad Lužnicí 6 361
15%
Vítkov 5 670
15%
Vizovice 4 857
15%
Bystřice nad Pernštejnem 8 004
14%
Červený Kostelec 8 360
14%
Chotěboř 9 178
14%
Dobrá 3 205
14%
Kravaře 6 717
14%
Loket 3 075
14%
Lom 3 695
14%
Nový Bydžov 6 935
14%
Šlapanice 7 599
14%
Valašské Klobouky 4 946
14%
Bechyně 5 016
13%
Blatná 6 573
13%
Česká Skalice 5 047
13%
Chlumec nad Cidlinou 5 501
13%
Dobruška 6 723
13%
Fulnek 5 592
13%
Jílové 5 162
13%
Kojetín 6 078
13%
Letohrad 6 406
13%
Město Albrechtice 3 499
13%
Mníšek pod Brdy 5 933
13%
Rudná 5 153
13%
Starý Plzenec 5 151
13%
Vratimov 7 293
13%
Železný Brod 6 051
13%
Brumov-Bylnice 5 528
12%
Golčův Jeníkov 2 680
12%
Holice 6 581
12%
Horažďovice 5 240
12%
Hronov 6 098
12%
Kamenice 4 664
12%
Lanžhot 3 698
12%
Modřice 5 329
12%
Mosty u Jablunkova 3 788
12%
Opočno 3 107
12%
Rosice 6 291
12%
Vyšší Brod 2 617
12%
Chrastava 6 298
11%
Jablonné v Podještědí 3 667
11%
Kostelec nad Černými lesy 3 780
11%
Náměšť nad Oslavou 4 861
11%
Nepomuk 3 735
11%
Nýrsko 4 929
11%
Podbořany 6 386
11%
Pohořelice 5 133
11%
Sedlec-Prčice 2 866
11%
Slavonice 2 367
11%
Stará Paka 2 087
11%
Štramberk 3 464
11%
Světlá nad Sázavou 6 490
11%
Vamberk 4 567
11%
Velká Bíteš 5 243
11%
Volary 3 787
11%
Zlaté Hory 3 748
11%
Zruč nad Sázavou 4 861
11%
Bučovice 6 493
10%
Česká Kamenice 5 235
10%
Dobřany 6 145
10%
Dobřichovice 3 722
10%
Fryšták 3 684
10%
Horšovský Týn 5 034
10%
Kdyně 5 183
10%
Kosmonosy 5 233
10%
Lány 2 242
10%
Ledeč nad Sázavou 5 043
10%
Odolena Voda 6 136
10%
Pečky 4 814
10%
Petrovice u Karviné 5 384
10%
Plasy 2 716
10%
Police nad Metují 4 049
10%
Postoloprty 4 727
10%
Průhonice 2 934
10%
Rajhrad 3 928
10%
Šenov 6 393
10%
Šenov u Nového Jičína 2 082
10%
Slavičín 6 386
10%
Strážnice 5 537
10%
Třešť 5 714
10%
Újezd u Brna 3 387
10%
Velké Losiny 2 568
10%
Velké Popovice 2 940
10%
Votice 4 569
10%
Židlochovice 3 834
10%
Zubří 5 547
10%
Albrechtice 3 842
9%
Bakov nad Jizerou 5 175
9%
Buštěhrad 3 498
9%
Bzenec 4 389
9%
České Velenice 3 575
9%
Hanušovice 3 104
9%
Hradec nad Moravicí 5 506
9%
Hrob 2 011
9%
Jevíčko 2 801
9%
Karolinka 2 529
9%
Kralovice 3 478
9%
Kunovice 5 579
9%
Lázně Bohdaneč 3 543
9%
Lomnice nad Popelkou 5 554
9%
Moravský Beroun 2 934
9%
Nové Strašecí 5 572
9%
Osek 4 728
9%
Pacov 4 717
9%
Paskov 3 917
9%
Přibyslav 3 991
9%
Rájec-Jestřebí 3 749
9%
Řevnice 3 570
9%
Teplá 2 954
9%
Toužim 3 669
9%
Týniště nad Orlicí 6 055
9%
Unhošť 4 824
9%
Úpice 5 639
9%
Velké Karlovice 2 370
9%
Velké Pavlovice 3 140
9%
Volyně 3 014
9%
Vrbno pod Pradědem 4 995
9%
Zdice 4 201
9%
Bělá pod Bezdězem 4 792
8%
Březová 2 699
8%
Čerčany 2 917
8%
Černá Hora 2 184
8%
Chropyně 4 853
8%
Desná 3 084
8%
Heřmanův Městec 4 856
8%
Holýšov 5 173
8%
Horní Slavkov 5 403
8%
Hostinné 4 369
8%
Hukvaldy 2 080
8%
Javorník 2 755
8%
Jemnice 4 014
8%
Klimkovice 4 495
8%
Konice 2 784
8%
Kostelec nad Orlicí 6 145
8%
Krásná Lípa 3 471
8%
Kynšperk nad Ohří 4 799
8%
Lázně Bělohrad 3 658
8%
Lipová-lázně 2 118
8%
Mnichovice 3 902
8%
Nelahozeves 2 114
8%
Nové Hrady 2 531
8%
Ostravice 2 423
8%
Polná 5 150
8%
Rousínov 5 694
8%
Rožmitál pod Třemšínem 4 372
8%
Slatiňany 4 217
8%
Slušovice 2 968
8%
Sobotka 2 382
8%
Starý Jičín 2 896
8%
Stod 3 617
8%
Třebechovice pod Orebem 5 771
8%
Třemošná 5 082
8%
Trhové Sviny 5 207
8%
Týnec nad Sázavou 5 739
8%
Uherský Ostroh 4 217
8%
Úštěk 2 928
8%
Vejprty 2 866
8%
Velvary 3 080
8%
Žacléř 3 136
8%
Benešov nad Ploučnicí 3 682
7%
Březnice 3 520
7%
Buchlovice 2 421
7%
Český Dub 2 821
7%
Cvikov 4 509
7%
Dětmarovice 4 238
7%
Hluk 4 372
7%
Horní Bečva 2 455
7%
Horní Bříza 4 180
7%
Hrušovany u Brna 3 553
7%
Jílové u Prahy 4 857
7%
Jiříkov 3 638
7%
Kamenický Šenov 3 915
7%
Kardašova Řečice 2 206
7%
Klecany 3 608
7%
Klobouky u Brna 2 501
7%
Kunštát 2 808
7%
Loštice 2 970
7%
Luby 2 144
7%
Ludgeřovice 4 946
7%
Meziměstí 2 387
7%
Miroslav 2 990
7%
Moravská Nová Ves 2 615
7%
Nové Město pod Smrkem 3 716
7%
Oslavany 4 684
7%
Podivín 3 019
7%
Protivín 4 808
7%
Ralsko 2 137
7%
Skuteč 5 047
7%
Tovačov 2 468
7%
Velké Bílovice 3 889
7%
Veltrusy 2 208
7%
Zbiroh 2 508
7%
Zdiby 3 805
7%
Žebrák 2 186
7%
Žlutice 2 293
7%
Bílovice nad Svitavou 3 730
6%
Blovice 4 128
6%
Borovany 4 165
6%
Budišov nad Budišovkou 2 918
6%
Čeladná 2 836
6%
Červená Voda 3 005
6%
Dolní Benešov 4 038
6%
Dolní Lutyně 5 312
6%
Dubňany 6 352
6%
Hejnice 2 736
6%
Horní Benešov 2 249
6%
Horní Planá 2 080
6%
Horoměřice 4 463
6%
Hovězí 2 390
6%
Ivanovice na Hané 2 923
6%
Jaroměřice nad Rokytnou 4 136
6%
Kaznějov 3 049
6%
Kopidlno 2 112
6%
Kostelec nad Labem 4 224
6%
Kryry 2 330
6%
Libochovice 3 506
6%
Meziboří 4 843
6%
Mikulášovice 2 182
6%
Mirošov 2 274
6%
Mladé Buky 2 308
6%
Mořkov 2 482
6%
Náměšť na Hané 2 107
6%
Návsí 3 865
6%
Nová Bystřice 3 299
6%
Nový Hrozenkov 2 612
6%
Opatovice nad Labem 2 598
6%
Planá nad Lužnicí 4 328
6%
Pyšely 2 021
6%
Raspenava 2 819
6%
Rokytnice nad Jizerou 2 650
6%
Rudolfov 2 536
6%
Sadská 3 204
6%
Sezemice 3 988
6%
Smržovka 3 756
6%
Solnice 2 239
6%
Stochov 5 392
6%
Strančice 2 524
6%
Stráž pod Ralskem 3 992
6%
Suchdol nad Odrou 2 701
6%
Uhlířské Janovice 3 118
6%
Velké Opatovice 3 643
6%
Veverská Bítýška 3 376
6%
Vracov 4 570
6%
Bludov 3 062
5%
Bojkovice 4 382
5%
Borohrádek 2 094
5%
Břidličná 3 111
5%
Brušperk 4 101
5%
Chabařovice 2 540
5%
Chvaletice 2 962
5%
Chýnov 2 490
5%
Dašice 2 367
5%
Dobrovice 3 421
5%
Dolní Břežany 4 231
5%
Dolní Kounice 2 468
5%
Habartov 4 876
5%
Háj ve Slezsku 3 255
5%
Halenkov 2 428
5%
Hať 2 509
5%
Hodkovice nad Mohelkou 2 960
5%
Hrochův Týnec 2 026
5%
Hrušovany nad Jevišovkou 3 339
5%
Huslenky 2 214
5%
Janovice nad Úhlavou 2 302
5%
Jedovnice 2 810
5%
Jirny 2 901
5%
Kamenice nad Lipou 3 760
5%
Kelč 2 706
5%
Kobylí 2 052
5%
Koryčany 2 751
5%
Kunčice pod Ondřejníkem 2 373
5%
Libčice nad Vltavou 3 458
5%
Líbeznice 2 953
5%
Lišov 4 426
5%
Lužice 2 957
5%
Městec Králové 2 846
5%
Město Touškov 2 172
5%
Moravany 3 313
5%
Moravský Písek 2 075
5%
Mukařov 2 619
5%
Nechanice 2 348
5%
Nehvizdy 3 575
5%
Netolice 2 579
5%
Neveklov 2 661
5%
Nižbor 2 082
5%
Nová Role 4 132
5%
Nýdek 2 078
5%
Ořechov 2 785
5%
Plumlov 2 311
5%
Počátky 2 531
5%
Postřelmov 3 019
5%
Rokytnice v Orlických horách 2 022
5%
Rtyně v Podkrkonoší 2 979
5%
Smiřice 2 913
5%
Spálené Poříčí 2 856
5%
Staňkov 3 319
5%
Štěchovice 2 042
5%
Štěpánov 3 516
5%
Štítná nad Vláří-Popov 2 176
5%
Štíty 2 022
5%
Suchdol nad Lužnicí 3 530
5%
Svoboda nad Úpou 2 081
5%
Třemošnice 3 059
5%
Trmice 3 364
5%
Troubsko 2 328
5%
Týnec nad Labem 2 077
5%
Vejprnice 4 302
5%
Velešín 3 902
5%
Velim 2 224
5%
Velká Bystřice 3 493
5%
Velký Osek 2 419
5%
Vendryně 4 530
5%
Všetaty 2 319
5%
Zákupy 2 851
5%
Zastávka 2 573
5%
Ždánice 2 502
5%
Ždírec nad Doubravou 3 112
5%
Žirovnice 2 944
5%
Zliv 3 562
5%
Baška 3 924
4%
Blatnice pod Svatým Antonínkem 2 018
4%
Bohušovice nad Ohří 2 511
4%
Brtnice 3 766
4%
Budyně nad Ohří 2 165
4%
Chlumčany 2 417
4%
Chotěšov 2 914
4%
Chýně 3 730
4%
Dobrá Voda u Českých Budějovic 2 662
4%
Dobšice 2 445
4%
Dolany 2 782
4%
Dolní Bousov 2 788
4%
Drnovice 2 388
4%
Horní Jiřetín 2 245
4%
Horní Suchá 4 411
4%
Jablonné nad Orlicí 3 149
4%
Jablůnka 2 056
4%
Jince 2 255
4%
Jistebnice 2 027
4%
Komárov 2 430
4%
Lešná 2 046
4%
Libušín 3 394
4%
Líně 2 783
4%
Lutín 3 246
4%
Luže 2 594
4%
Mikulovice 2 501
4%
Milín 2 155
4%
Mladá Vožice 2 705
4%
Mokrá-Horákov 2 759
4%
Morkovice-Slížany 2 942
4%
Mutěnice 3 675
4%
Nivnice 3 349
4%
Nové Sedlo 2 604
4%
Nový Knín 2 065
4%
Obrnice 2 178
4%
Okříšky 2 046
4%
Rakvice 2 197
4%
Rapotín 3 291
4%
Rotava 3 006
4%
Šestajovice 3 905
4%
Šťáhlavy 2 815
4%
Stará Ves nad Ondřejnicí 2 822
4%
Střelice 3 036
4%
Velká nad Veličkou 2 892
4%
Velké Březno 2 300
4%
Vestec 2 739
4%
Vrané nad Vltavou 2 632
4%
Zašová 3 043
4%
Blučina 2 260
3%
Bolatice 4 499
3%
Břasy 2 286
3%
Čejkovice 2 437
3%
Česká Ves 2 393
3%
Hlubočky 4 246
3%
Holubice 2 076
3%
Horní Jelení 2 068
3%
Hošťálková 2 224
3%
Hovorčovice 2 514
3%
Hradištko 2 222
3%
Hroznětín 2 031
3%
Kobeřice 3 280
3%
Košťany 3 210
3%
Kostelec na Hané 2 900
3%
Kozlovice 3 051
3%
Litvínovice 2 553
3%
Luka nad Jihlavou 2 971
3%
Markvartovice 2 070
3%
Nová Včelnice 2 277
3%
Novosedlice 2 165
3%
Nučice 2 248
3%
Ostrožská Nová Ves 3 488
3%
Palkovice 3 406
3%
Peruc 2 314
3%
Píšť 2 110
3%
Povrly 2 218
3%
Pozořice 2 339
3%
Proboštov 2 699
3%
Proseč 2 093
3%
Prušánky 2 230
3%
Psáry 4 064
3%
Ratíškovice 4 015
3%
Rudník 2 172
3%
Sokolnice 2 369
3%
Štěpánkovice 3 233
3%
Stěžery 2 100
3%
Strání 3 474
3%
Strašice 2 565
3%
Stráž nad Nisou 2 377
3%
Sviadnov 2 134
3%
Těrlicko 4 600
3%
Tišice 2 389
3%
Tlučná 3 265
3%
Tlumačov 2 459
3%
Trojanovice 2 697
3%
Troubky 2 035
3%
Tuchlovice 2 648
3%
Valašská Bystřice 2 245
3%
Velká Hleďsebe 2 350
3%
Velká Polom 2 071
3%
Velké Hamry 2 682
3%
Velké Poříčí 2 354
3%
Velké Přílepy 3 533
3%
Velký Týnec 2 981
3%
Větřní 3 866
3%
Vlčnov 2 999
3%
Vranovice 2 417
3%
Vřesina 2 918
3%
Zbůch 2 609
3%
Zbýšov 3 775
3%
Zeleneč 3 185
3%
Zlonice 2 263
3%
Zruč-Senec 3 341
3%
Bánov 2 106
2%
Bašť 2 816
2%
Batelov 2 362
2%
Bohuňovice 2 549
2%
Boršice 2 162
2%
Černilov 2 394
2%
Dlouhá Loučka 2 004
2%
Dolní Bojanovice 3 013
2%
Dolní Dobrouč 2 598
2%
Dolní Němčí 2 977
2%
Dolní Roveň 2 050
2%
Fryčovice 2 449
2%
Horka nad Moravou 2 499
2%
Hovorany 2 185
2%
Hřebeč 2 090
2%
Hutisko-Solanec 2 030
2%
Kamenný Újezd 2 431
2%
Kněžmost 2 147
2%
Křemže 2 896
2%
Krhová 2 019
2%
Krmelín 2 361
2%
Kvasice 2 232
2%
Ledenice 2 476
2%
Lhenice 2 119
2%
Libina 3 267
2%
Libiš 2 248
2%
Luštěnice 2 212
2%
Nový Malín 3 677
2%
Rohatec 3 492
2%
Ruda nad Moravou 2 512
2%
Šardice 2 181
2%
Šitbořice 2 064
2%
Staříč 2 217
2%
Štěnovice 2 161
2%
Studená 2 289
2%
Sulice 2 106
2%
Svatobořice-Mistřín 3 530
2%
Tvrdonice 2 108
2%
Vacenovice 2 209
2%
Včelná 2 234
2%
Vikýřovice 2 350
2%
Vinařice 2 162
2%
Vnorovy 3 003
2%
Vrdy 2 946
2%
Zdounky 2 125
2%
Bělkovice-Lašťany 2 309
1%
Horní Bludovice 2 441
1%
Srubec 2 716
1%
Václavovice 2 036
1%
No matching quizzes found
Score Distribution
Percent of People with Each Score
Percentile by Number Answered
Your Score History
You have not taken this quiz since the last reset